000 00591nam a2200217 4500
999 _c3800
_d3800
001 1231555
003 GBCCL
005 20241126110504.0
008 681107s1968 tnu 000 0 eng
010 _a 68020664
040 _aDLC
_cDLC
_dDLC
050 0 0 _aBV45
_b.A57
082 0 0 _a242.33
_bALL
100 1 _aAllen, R. Earl.
_93392
245 1 0 _aSign of the star
_c[by] R. Earl Allen.
260 _aNashville,
_bBroadman Press
_c[1968]
300 _a126 p.
_c20 cm.
650 0 _aChristmas
_xMeditations.
_95410
906 _a7
_bcbc
_corignew
_du
_encip
_f19
_gy-gencatlg
942 _2ddc
_cBK
_01